| 000 | 01603cam a22004457a 4500 | ||
|---|---|---|---|
| 001 | 000093649 | ||
| 003 | CHAP | ||
| 005 | 20220817044021.0 | ||
| 008 | 050419d2005 mx r 00110 spa d | ||
| 010 | _a90115 | ||
| 011 | _a91087 | ||
| 035 | _a101645 | ||
| 040 | _cCHAP | ||
| 090 | _aTesis | ||
| 100 | 0 | 0 |
_aTinajero Berrueta, Jorge. _9113348 |
| 245 | 1 | 3 |
_aLa apicultura en la región purépecha : reactivación, deterioro o estancamiento? / _c/por Jorge Tinajero Berrueta. |
| 260 |
_aChapingo, Méx. : _bEl autor, _c2005. |
||
| 300 | _a280 h. | ||
| 502 | _aTesis (M. C. en Desarrollo Rural Regional) - - UACH. Dirección de Centro Regionales Universitarios | ||
| 590 |
_aALEPH _b10 _c20130110 _lUCH01 _h1505 |
||
| 590 |
_aBATCH-UPD _b10 _c20130110 _lUCH01 _h0459 |
||
| 590 |
_aBATCH-UPD _b10 _c20130410 _lUCH01 _h0137 |
||
| 590 |
_aBATCH-UPD _b10 _c20130410 _lUCH01 _h1638 |
||
| 590 |
_aBATCH-UPD _b10 _c20130914 _lUCH01 _h1158 |
||
| 590 |
_aBATCH-UPD _b10 _c20140324 _lUCH01 _h1450 |
||
| 590 |
_aBATCH-UPD _b10 _c20141002 _lUCH01 _h0826 |
||
| 590 |
_aCONVERSION _b10 _c20130109 _lUCH01 _h1350 |
||
| 590 |
_aE5765TAJ _b10 _c20130618 _lUCH01 _h1303 |
||
| 650 | 1 | 4 |
_aApicultura. _96241 |
| 650 | 1 | 4 |
_aApicultura _xMichoacan. _96267 |
| 650 | 1 | 4 | _aDesarrollo sustentable. |
| 650 | 1 | 4 |
_aDesarrollo sustentable _zMichoacán. _932103 |
| 856 |
_3Finding aid _uhttp://10.13.5.2/tesis/101645.pdf _zTeclea aquí |
||
| 901 | _aBK | ||
| 905 | _aLilia | ||
| 942 | _cCD | ||
| 942 | _n0 | ||
| 949 |
_aTesis _bBC _cTES _d1016451 _eTS1 _h43801 _i101645 _sb |
||
| 949 |
_aTesis _bBC _cTES _d33724000946794 _eTS2 _fc.2 _h43802 _i101645 _sb |
||
| 999 |
_c90115 _d90115 |
||